django characters - Statistics

General Stats
  • This quiz has been taken 239 times
  • The average score is 2 of 8
Answer Stats
Hint Answer % Correct
main character django
100%
richman candy
31%
old bad tempure steven
21%
wrestler#2 eskimo joe
7%
saves django dentist
3%
wants to hold djangos hand moonlight
3%
wrestler#1 samson
2%
djangos wife brohilda
1%
No matching quizzes found
Score Distribution
Percent of People with Each Score
Percentile by Number Answered
Your Score History
You have not taken this quiz